000 00404pab a2200133 454500
008 180718b2017 xxu||||| |||| 00| 0 eng d
100 _aBua, Adrian
245 _aScale and policy impact in participatory-deliberative democracy: lessons from a multi-level process
260 _c2017
300 _ap.160-177.
650 _aParticipatory development
773 _aPublic Administration
909 _a114618
999 _c114612
_d114612